000 00446nam a2200193Ia 4500
005 20240823023029.0
008 240823s9999||||xx |||||||||||||| ||und||
020 _a978-0-07-061992-0
041 _aENGLISH
082 _A378.16 P7
100 _aArun Sharma
245 4 _aThe Complete CAT Digest
250 _a1st
260 _c2007
_b"Tata Mcgraw Hill,New "
500 _aYES
650 _aExam
_bGeneral
942 _cBK
999 _c180577
_d180577